000 00349nam a2200145Ia 4500
008 090124s9999 xx 000 0 und d
082 _b32800
245 _a खिडक्या
250 _a0
260 _bसानिया
_c2004
300 _a191
630 _a खिडक्या
730 _a खिडक्या
942 _cBOOK
999 _c180032
_d180032